000 00507nam a2200181Ia 4500
999 _c15086
_d15086
003 OSt
005 20201116095251.0
008 190216s9999||||xx |||||||||||||| ||und||
040 _coclc
082 _a428
_bJOS/E
100 _aJose, K A
_96565
245 0 _aEnglish Companion For Primary Classes /
_cK A Jose
250 _a1st Ed.
260 _bEnglish Language Book Society,
_c2000.
_aTrichur:
300 _a221p
650 _aEnglish
942 _cBK
_2ddc
_h428
_iJOS/E
_k428
_mJOS/E